| 000 | 00503nam a2200181Ia 4500 | ||
|---|---|---|---|
| 005 | 20260415160332.0 | ||
| 008 | 008 250505s9999 xx 000 0 eng d | ||
| 037 | _aTextual | ||
| 040 |
_aFEDL _beng _cFEDL |
||
| 041 |
_aeng _2eng |
||
| 084 |
_a371.9 WIL _qFEDL |
||
| 100 |
_aWills W David _9755722 |
||
| 245 | 0 | _aBarns experiment | |
| 260 |
_aLondon, UK _bGeorge Allen and Unwin Ltd. _c1947 |
||
| 300 | _a148p | ||
| 942 |
_cTEXL _h371.9 WIL |
||
| 999 |
_c1321801 _d1321801 |
||